000 00907nas a2200289 4500
001 BR7406397
003 BR-BrBNA
005 20231205082743.0
007 ta
008 230509b bl.|||p| |||| 00| 00por d
040 _aBR-BrBNA
_bpor
_cBiblioteca Nacional de Agricultura
041 _a(Pt)
072 _aM10
100 1 _aSilva, J.W.B. e
100 1 _aDourado, O.F.
245 1 _aCurva de rendimento da Traira, Hoplias malabaricus bloch, do acude publico "Pereira de Miranda" (Pentecoste, Ceara, Brasil)
650 _aPEIXE DE AGUA DOCE
650 _aTRAIRA
650 _aRENDIMENTO
650 _aCAPTURA
650 _aACUDE
650 _aPENTECOSTE
650 _aCEARA
773 0 _tBoletim Tecnico - Departamento Nacional de Obras Contra as Secas (Brazil)
_xISSN 0374-6658
_g(Jul 1974), v. 32(2) p. 109-115
_wBR7406397
909 _a202311
_bLúcia
_c55
_dLúcia Elande
942 _2AGRIS
_n0
_cANA
999 _c94026
_d94026